[Event "Saratov Region-ch Seniors"]
[Site "Saratov"]
[Date "2017.11.02"]
[Round "2"]
[White "Strekalov, Boris"]
[Black "Yashkin, Jury"]
[Result "0-1"]
[WhiteElo "1565"]
[BlackElo "1546"]
[PlyCount "102"]
[EventDate "2017.11.01"]
[EventType "swiss"]
[EventRounds "9"]
[EventCountry "RUS"]
[SourceTitle "EXT 2019"]
[Source "ChessBase"]
[SourceDate "2018.10.10"]
[SourceVersion "1"]
[SourceVersionDate "2018.10.10"]
[SourceQuality "1"]

1. d4 Nf6 2. Nf3 d5 3. c4 e6 4. Nc3 c6 5. Bg5 dxc4 6. a4 Bb4 7. e3 Qa5 8. Qc2 Ne4 9. Rc1 Nxg5 10. Ne5 f5 11. Nxc4 Qd5 12. Nd2 Bxc3 13. bxc3 0-0 14. f3 c5 15. Bc4 Qd6 16. f4 Nf7 17. 0-0 b6 18. Nf3 Ba6 19. Bd3 Bxd3 20. Qxd3 Nc6 21. Qb5 Na5 22. Ne5 Nxe5 23. fxe5 Qc6 24. Rb1 Qxb5 25. Rxb5 cxd4 26. exd4 Rac8 27. Rf3 Nc4 28. Rd3 Rfd8 29. h3 Rd5 30. Rxd5 exd5 31. Rf3 g6 32. g4 fxg4 33. hxg4 Rf8 34. Rg3 Nd2 35. Rd3 Nc4 36. Kg2 Kg7 37. Rg3 Nb2 38. Re3 Nxa4 39. c4 dxc4 40. d5 c3 41. d6 c2 42. Re1 Kf7 43. e6+ Ke8 44. e7 Rg8 45. Rc1 Nc5 46. Rxc2 Kd7 47. Ra2 Ra8 48. Re2 a5 49. Rf2 a4 50. Rf8 Re8 51. Kf3 Ne6 0-1

[Event "Saratov Region-ch"]
[Site "Saratov"]
[Date "2016.12.22"]
[Round "8"]
[White "Kharitonova, Irina"]
[Black "Yashkin, Jury"]
[Result "1/2-1/2"]
[WhiteElo "1386"]
[BlackElo "1723"]
[PlyCount "79"]
[EventDate "2016.12.15"]
[EventType "swiss"]
[EventRounds "9"]
[EventCountry "RUS"]
[SourceTitle "EXT 2018"]
[Source "ChessBase"]
[SourceDate "2017.10.13"]
[SourceVersion "1"]
[SourceVersionDate "2017.10.13"]
[SourceQuality "1"]

1. e4 e6 2. d4 d5 3. exd5 exd5 4. Bd3 Nc6 5. c3 Bd6 6. Nf3 Bg4 7. h3 Bh5 8. 0-0 Nge7 9. Be3 0-0 10. Nbd2 Bg6 11. Qc2 Qd7 12. Bxg6 Nxg6 13. Rfe1 Nce7 14. Nb3 c6 15. Bd2 Bc7 16. Nc5 Qc8 17. Re2 Bd6 18. Rae1 Qc7 19. Ng5 b6 20. Nd3 h6 21. Nf3 Rfe8 22. Nde5 Kf8 23. Qc1 Bxe5 24. Nxe5 Nxe5 25. dxe5 Nf5 26. Qc2 Qd7 27. e6 fxe6 28. Bf4 Qf7 29. Bh2 Rad8 30. Qd3 c5 31. Re5 d4 32. Qc4 Rd5 33. Rxd5 exd5 34. Qf1 Re4 35. cxd4 Qe6 36. Rxe4 Qxe4 37. dxc5 bxc5 38. Bb8 d4 39. Bxa7 Qd5 40. Qb5 1/2-1/2

[Event "Saratov Region-ch"]
[Site "Saratov"]
[Date "2016.12.15"]
[Round "1"]
[White "Gitelson, Arkady"]
[Black "Yashkin, Jury"]
[Result "1-0"]
[WhiteElo "2225"]
[BlackElo "1723"]
[PlyCount "55"]
[EventDate "2016.12.15"]
[EventType "swiss"]
[EventRounds "9"]
[EventCountry "RUS"]
[SourceTitle "EXT 2018"]
[Source "ChessBase"]
[SourceDate "2017.10.13"]
[SourceVersion "1"]
[SourceVersionDate "2017.10.13"]
[SourceQuality "1"]

1. e4 e6 2. b3 e5 3. Bb2 Nc6 4. Nf3 d6 5. d4 Bg4 6. Bb5 a6 7. Bxc6+ bxc6 8. dxe5 Qe7 9. Qd4 dxe5 10. Qxe5 Bxf3 11. gxf3 Rd8 12. Nd2 f6 13. Qxe7+ Bxe7 14. 0-0-0 Bc5 15. e5 Bxf2 16. Ne4 Rxd1+ 17. Rxd1 Be3+ 18. Kb1 f5 19. e6 Ne7 20. Bxg7 fxe4 21. Bxh8 exf3 22. c4 Nf5 23. Bf6 Nd6 24. Kc2 c5 25. Kd3 Bf4 26. Rf1 Bxh2 27. Rxf3 h6 28. Rf2 1-0